[Event "4NCL Division Four"]
[Site "Daventry, ENG"]
[Date "2023.03.25"]
[Round "7.154"]
[White "Adaway, William"]
[Black "Leadbetter, Scott"]
[Result "1-0"]
[WhiteElo "1967"]
[BlackElo "1566"]
[PlyCount "55"]
[EventDate "2023.03.25"]
[WhiteTeam "Wessex Some Stars B"]
[BlackTeam "Crowthorne B"]

1. d4 Nf6 2. Nf3 c6 3. g3 d6 4. Bg2 Nbd7 5. Nbd2 e5 6. e4 Be7 7. O-O h6 8. c3
g5 9. Qc2 Qc7 10. Nc4 b5 11. Ne3 Nf8 12. Re1 Ng6 13. Nf5 Kf8 14. h3 Qd7 15. b3
Bd8 16. Ba3 Bc7 17. dxe5 Nxe4 18. Qxe4 Qxf5 19. Qxc6 Bb6 20. Qxa8 Kg7 21. Qe4
Qd7 22. exd6 Bb7 23. Qe2 g4 24. hxg4 Qxg4 25. Ne5 Qxe2 26. Rxe2 Bxg2 27. Kxg2
Re8 28. Rae1 1-0

[Event "4NCL Division Four"]
[Site "Daventry, ENG"]
[Date "2023.03.25"]
[Round "7.155"]
[White "Coates, Christine"]
[Black "Deacon, Matthew"]
[Result "0-1"]
[WhiteElo "1317"]
[BlackElo "1715"]
[PlyCount "115"]
[EventDate "2023.03.25"]
[WhiteTeam "Crowthorne B"]
[BlackTeam "Wessex Some Stars B"]

1. d4 Nf6 2. Bf4 b6 3. Nf3 Bb7 4. e3 e6 5. Be2 Bd6 6. Bxd6 cxd6 7. Nbd2 O-O 8.
O-O d5 9. Rc1 d6 10. c4 Nbd7 11. Re1 Ne4 12. a3 Rc8 13. cxd5 Bxd5 14. Nxe4 Bxe4
15. Rxc8 Qxc8 16. Qc1 Qb7 17. Qd2 Nf6 18. h3 h6 19. Rc1 Nd5 20. Qd1 Ne7 21. Bd3
Bxf3 22. Qxf3 Qxf3 23. gxf3 Rc8 24. Rxc8+ Nxc8 25. Kg2 g5 26. Kg3 Kg7 27. f4 f6
28. fxg5 fxg5 29. Bc4 Kf6 30. Kg4 Ne7 31. Ba2 Kg6 32. Bxe6 a5 33. e4 Nc6 34. d5
Ne5+ 35. Kg3 Nc4 36. a4 Nxb2 37. Bd7 Nd3 38. Bb5 Nc5 39. f3 Kf6 40. Kg4 Ke5 41.
Kh5 Kf4 42. Kxh6 Nb3 43. Be2 Nd4 44. Bd1 b5 45. axb5 Nxb5 46. Kg6 Nc3 47. Bb3
a4 48. Bc4 Kxf3 49. Kxg5 Kxe4 50. h4 Ke5 51. h5 Ne4+ 52. Kh6 Kf6 53. Kh7 Kf7
54. h6 a3 55. Ba2 Kf6 56. Kh8 Kg6 57. h7 Kf7 58. Bb3 0-1

[Event "4NCL Division Four"]
[Site "Daventry, ENG"]
[Date "2023.03.25"]
[Round "7.157"]
[White "Tart, Peter K"]
[Black "Rumsby, Stephen"]
[Result "0-1"]
[WhiteElo "1863"]
[BlackElo "1608"]
[PlyCount "54"]
[EventDate "2023.03.25"]
[WhiteTeam "Crowthorne B"]
[BlackTeam "Oxford 4"]

1. e4 e5 2. Nf3 Nc6 3. d4 exd4 4. Bc4 Be7 5. c3 d3 6. Qxd3 d6 7. O-O Nf6 8. Bg5
O-O 9. Nbd2 h6 10. Bh4 Ng4 11. Bg3 Bf6 12. h3 Nge5 13. Nxe5 dxe5 14. Qe2 Qe7
15. Rad1 Be6 16. Bd5 Rfe8 17. Nc4 Bd7 18. Ne3 Rab8 19. Qc4 Be6 20. Bxe6 Qxe6
21. Qxe6 Rxe6 22. Rd7 Rc8 23. Rfd1 Nb8 24. R1d5 c6 25. Ra5 a6 26. Nc4 c5 27.
Nb6 Rxb6 0-1

[Event "4NCL Division Four"]
[Site "Daventry, ENG"]
[Date "2023.03.25"]
[Round "7.158"]
[White "Kocan, Barry A"]
[Black "Haslehurst, Harriet"]
[Result "1-0"]
[WhiteElo "1581"]
[BlackElo "1502"]
[PlyCount "77"]
[EventDate "2023.03.25"]
[WhiteTeam "Oxford 4"]
[BlackTeam "Crowthorne B"]

1. e4 e6 2. d4 d5 3. Nd2 b6 4. Bb5+ c6 5. Ba4 Bb7 6. Ne2 b5 7. Bb3 Nd7 8. O-O
Nb6 9. e5 c5 10. c3 Nc4 11. Nf3 Be7 12. Re1 Qc7 13. Bc2 f6 14. Nf4 Bc8 15. exf6
Bxf6 16. Nxd5 Qd6 17. Be4 Rb8 18. Nxf6+ gxf6 19. b3 Nb6 20. Qc2 Bb7 21. dxc5
Qxc5 22. Bxb7 Rxb7 23. Rxe6+ Re7 24. Be3 Qc8 25. Rxe7+ Nxe7 26. Re1 Kf7 27. Nd4
Qd7 28. Rd1 Ned5 29. Nf3 Qg4 30. Bxb6 Nxb6 31. Rd4 Qe6 32. Re4 Qd6 33. Qe2 a6
34. Nd4 Qc7 35. Qh5+ Kf8 36. Ne6+ Ke7 37. Nxc7+ Kd6 38. Qf7 Nd7 39. Rd4+ 1-0

[Event "4NCL Division Four"]
[Site "Daventry, ENG"]
[Date "2023.03.26"]
[Round "8.11"]
[White "Gill, Oliver"]
[Black "Rawlinson, Aidan M"]
[Result "1/2-1/2"]
[WhiteElo "2110"]
[BlackElo "2240"]
[PlyCount "80"]
[EventDate "2023.03.26"]
[WhiteTeam "Wessex Some Stars A"]
[BlackTeam "Average Wood Pushers A"]

1. d4 g6 2. c4 Bg7 3. Nc3 Nf6 4. e4 d6 5. Nf3 O-O 6. Be2 e5 7. O-O Nc6 8. d5
Ne7 9. Ne1 Nd7 10. Be3 f5 11. f3 f4 12. Bf2 g5 13. Rc1 Ng6 14. c5 Nxc5 15. b4
Na6 16. Nd3 h5 17. Nb5 Bd7 18. Nxa7 Rf7 19. b5 Nc5 20. Nxc5 dxc5 21. Bxc5 b6
22. Nc6 Bxc6 23. dxc6 bxc5 24. Bc4 Bf8 25. Qb3 Nh8 26. Rfd1 Bd6 27. a4 Kg7 28.
Ra1 Rf8 29. a5 Rb8 30. Rxd6 Qxd6 31. Rd1 Qf6 32. Rd7+ Kh6 33. Rxc7 Rbd8 34. Bd5
g4 35. Rd7 Qh4 36. Qd1 Rde8 37. c7 gxf3 38. Rd6+ Kh7 39. Rd7+ Kh6 40. Rd6+ Kh7
1/2-1/2

[Event "4NCL Division Four"]
[Site "Daventry, ENG"]
[Date "2023.03.26"]
[Round "8.12"]
[White "Smith, Alan A"]
[Black "Wilson, Jaimie"]
[Result "1/2-1/2"]
[WhiteElo "2183"]
[BlackElo "2092"]
[PlyCount "57"]
[EventDate "2023.03.26"]
[WhiteTeam "Average Wood Pushers A"]
[BlackTeam "Wessex Some Stars A"]

1. e4 c5 2. Nf3 e6 3. Nc3 a6 4. g3 Nc6 5. Bg2 Nf6 6. d4 d5 7. exd5 Nxd5 8. O-O
Nxc3 9. bxc3 Be7 10. Be3 Qa5 11. dxc5 Bxc5 12. Nd4 Bxd4 13. cxd4 O-O 14. Bd2
Qa4 15. c3 Qxd1 16. Rfxd1 Bd7 17. Bf4 Rfc8 18. Rab1 b5 19. Bd6 Be8 20. d5 exd5
21. Bxd5 Ra7 22. Bf3 f6 23. Bc5 Rac7 24. Bg4 Ra8 25. Bd6 Rca7 26. Bf3 Rc8 27.
Bc5 Rac7 28. Bg4 Ra8 29. Bd6 1/2-1/2

[Event "4NCL Division Four"]
[Site "Daventry, ENG"]
[Date "2023.03.26"]
[Round "8.13"]
[White "Lukosius, Rolandas"]
[Black "Garcia-Ruiz Fuentes, Aitor"]
[Result "1/2-1/2"]
[WhiteElo "2039"]
[BlackElo "2077"]
[PlyCount "60"]
[EventDate "2023.03.26"]
[WhiteTeam "Wessex Some Stars A"]
[BlackTeam "Average Wood Pushers A"]

1. d4 Nf6 2. c4 g6 3. Nc3 Bg7 4. e4 d6 5. h3 O-O 6. Be3 e5 7. d5 a5 8. g4 Na6
9. Nge2 Nc5 10. Ng3 a4 11. Be2 Nfd7 12. Qd2 c6 13. dxc6 bxc6 14. Qxd6 Qa5 15.
Rb1 Rb8 16. O-O Rb6 17. Rfd1 Ba6 18. Nxa4 Qxa4 19. Bxc5 Nxc5 20. Qxc5 Rfb8 21.
Rd8+ Rxd8 22. Qxb6 Rd2 23. Qb3 Qa5 24. a3 Bf6 25. Rd1 Kg7 26. Rxd2 Qxd2 27. Qb6
Bh4 28. Qxa6 Bxg3 29. fxg3 Qxe2 30. Qxc6 Qe1+ 1/2-1/2

[Event "4NCL Division Four"]
[Site "Daventry, ENG"]
[Date "2023.03.26"]
[Round "8.14"]
[White "Kay, Lee P"]
[Black "Westrap, Christian F"]
[Result "1-0"]
[WhiteElo "2027"]
[BlackElo "1982"]
[PlyCount "103"]
[EventDate "2023.03.26"]
[WhiteTeam "Average Wood Pushers A"]
[BlackTeam "Wessex Some Stars A"]

1. d4 d5 2. Bg5 h6 3. Bh4 c6 4. e3 Qb6 5. Qc1 Bf5 6. c4 e6 7. Nc3 Nd7 8. Nf3
Be7 9. Bg3 Ngf6 10. c5 Qd8 11. b4 Nh5 12. Be2 Nxg3 13. hxg3 a6 14. a4 O-O 15.
O-O b5 16. axb5 axb5 17. Rxa8 Qxa8 18. Nh4 Qa7 19. Nxf5 exf5 20. Qc2 g6 21. g4
fxg4 22. Bxg4 f5 23. Be2 Kg7 24. g4 fxg4 25. Bxg4 Nf6 26. Bh3 Qc7 27. Kh1 h5
28. Rg1 Ng4 29. Bxg4 hxg4 30. Rxg4 Rh8+ 31. Kg1 Qh2+ 32. Kf1 Qh3+ 33. Rg2 g5
34. Ne2 Ra8 35. Qb1 Rf8 36. Nf4 Qf5 37. Qxf5 Rxf5 38. Nd3 Bf6 39. Ke2 Kg6 40.
Rg1 Bg7 41. Ra1 Rf7 42. Ra6 Rc7 43. Nc1 Kf5 44. Nb3 Ke6 45. Na5 Kd7 46. Kf3 Bf6
47. Kg4 Rc8 48. Kf5 Bd8 49. Ra7+ Ke8 50. Nb7 Be7 51. Nd6+ Bxd6 52. cxd6 1-0

[Event "4NCL Division Four"]
[Site "Daventry, ENG"]
[Date "2023.03.26"]
[Round "8.15"]
[White "Pleasants, Allan J"]
[Black "Burke, Mitchell R"]
[Result "1/2-1/2"]
[WhiteElo "1973"]
[BlackElo "2032"]
[PlyCount "74"]
[EventDate "2023.03.26"]
[WhiteTeam "Wessex Some Stars A"]
[BlackTeam "Average Wood Pushers A"]

1. Nf3 g6 2. g3 Bg7 3. Bg2 d6 4. O-O e5 5. d4 Nd7 6. Nc3 Ne7 7. dxe5 dxe5 8. e4
O-O 9. Bg5 h6 10. Be3 c6 11. Qd3 Qc7 12. a4 f5 13. Rad1 f4 14. Bc1 g5 15. Nd2
Kh8 16. b4 g4 17. Rfe1 Nf6 18. Nc4 Nh7 19. gxf4 exf4 20. e5 Bf5 21. Qd2 Ng6 22.
Nd6 Nxe5 23. Bb2 Rad8 24. Nce4 Bxe4 25. Rxe4 Nf3+ 26. Bxf3 gxf3 27. Rxf4 Ng5
28. Rxf8+ Rxf8 29. Bxg7+ Qxg7 30. Qd4 Qxd4 31. Rxd4 Rg8 32. Kf1 Nh3 33. Ke1 Rg2
34. Rh4 Rxh2 35. Rxh6+ Kg7 36. Nf5+ Kf7 37. Ng3 Kg7 1/2-1/2

[Event "4NCL Division Four"]
[Site "Daventry, ENG"]
[Date "2023.03.26"]
[Round "8.16"]
[White "Zhu, Yaoyao"]
[Black "Clark, Ian C"]
[Result "1/2-1/2"]
[WhiteElo "2079"]
[BlackElo "1952"]
[PlyCount "54"]
[EventDate "2023.03.26"]
[WhiteTeam "Average Wood Pushers A"]
[BlackTeam "Wessex Some Stars A"]

1. e4 c5 2. Nf3 d6 3. Bb5+ Bd7 4. Bxd7+ Qxd7 5. O-O Nc6 6. c3 Nf6 7. Re1 e5 8.
d4 g6 9. Bg5 Bg7 10. Na3 cxd4 11. cxd4 exd4 12. Nxd4 O-O 13. Ndb5 a6 14. Nxd6
Ng4 15. h3 Nxf2 16. Kxf2 Bd4+ 17. Be3 Qxd6 18. Bxd4 Nxd4 19. e5 Qb4 20. b3 b5
21. Nc4 Nxb3 22. Qxb3 Qxc4 23. Qxc4 bxc4 24. Rac1 Rac8 25. Re4 Rfe8 26. Ke3 Kf8
27. Rc3 Rc6 1/2-1/2

[Event "4NCL Division Four"]
[Site "Daventry, ENG"]
[Date "2023.03.26"]
[Round "8.21"]
[White "Garcia Hernandez, Oscar"]
[Black "Duncan, Patrick C M"]
[Result "1/2-1/2"]
[WhiteElo "2073"]
[BlackElo "2064"]
[PlyCount "115"]
[EventDate "2023.03.26"]
[WhiteTeam "Poole Patzers"]
[BlackTeam "MASCeteers"]

1. e4 c6 2. d4 d5 3. f3 e6 4. Nc3 Bb4 5. a3 Bxc3+ 6. bxc3 b6 7. a4 Ne7 8. Ba3
O-O 9. Bd3 Ba6 10. Bxa6 Nxa6 11. Qd3 Nb8 12. Ne2 Nd7 13. O-O c5 14. exd5 Nxd5
15. Rfd1 Qg5 16. Bc1 Qg6 17. Qxg6 hxg6 18. c4 Nb4 19. c3 Nc6 20. d5 exd5 21.
cxd5 Na5 22. Bf4 Rfe8 23. Ng3 f5 24. Bc7 Re3 25. h4 Rae8 26. h5 Kf7 27. hxg6+
Kxg6 28. Kf2 Rxc3 29. Re1 Rxe1 30. Rxe1 Rd3 31. d6 Nc4 32. Re6+ Nf6 33. Ne2 Kf7
34. Nf4 Rd2+ 35. Ke1 Ng8 36. Re3 Rxd6 37. Bxd6 Nxe3 38. Bb8 a6 39. Ba7 Nc4 40.
Nd5 b5 41. axb5 axb5 42. Bxc5 Nf6 43. Nc7 Nh5 44. Nxb5 Nf4 45. Kf1 Nd2+ 46. Kg1
Nc4 47. Nd6+ Nxd6 48. Bxd6 Nd5 49. Be5 g6 50. Kf2 Ke6 51. Bd4 Nc7 52. Bb6 Nd5
53. Bd4 Nf4 54. g3 Nd5 55. Ke2 Nc7 56. Bb6 Nd5 57. Bd4 Nc7 58. Bb6 1/2-1/2

[Event "4NCL Division Four"]
[Site "Daventry, ENG"]
[Date "2023.03.26"]
[Round "8.22"]
[White "Hurney, Kevin"]
[Black "Waddington, Mike P"]
[Result "1/2-1/2"]
[WhiteElo "2047"]
[BlackElo "2088"]
[PlyCount "44"]
[EventDate "2023.03.26"]
[WhiteTeam "MASCeteers"]
[BlackTeam "Poole Patzers"]

1. e4 c5 2. Nf3 Nc6 3. Bb5 g6 4. O-O Bg7 5. Nc3 Nd4 6. Nxd4 cxd4 7. Ne2 a6 8.
Bc4 b5 9. Bb3 Bb7 10. d3 d5 11. f3 e6 12. a4 Ne7 13. Bd2 O-O 14. Qe1 Rc8 15.
axb5 axb5 16. Qh4 Qd7 17. Bb4 Rfe8 18. Bxe7 Qxe7 19. Qxe7 Rxe7 20. Ra5 dxe4 21.
fxe4 Bc6 22. g4 h6 1/2-1/2

[Event "4NCL Division Four"]
[Site "Daventry, ENG"]
[Date "2023.03.26"]
[Round "8.23"]
[White "Weatherlake, John P"]
[Black "Moss, Jack"]
[Result "1-0"]
[WhiteElo "2022"]
[BlackElo "1865"]
[PlyCount "57"]
[EventDate "2023.03.26"]
[WhiteTeam "Poole Patzers"]
[BlackTeam "MASCeteers"]

1. e4 e5 2. Bc4 Nf6 3. Nc3 Nc6 4. d3 Bc5 5. f4 d6 6. Nf3 a6 7. f5 b5 8. Bb3 Nd4
9. Nxd4 Bxd4 10. Nd5 Bb7 11. Nxf6+ Qxf6 12. Qh5 d5 13. c3 Bb6 14. Bg5 Qd6 15.
Rf1 c6 16. O-O-O Bd8 17. d4 Bxg5+ 18. Qxg5 Qf6 19. Qxf6 gxf6 20. exd5 cxd5 21.
dxe5 fxe5 22. Bxd5 Bxd5 23. Rxd5 f6 24. Rfd1 O-O 25. Rd7 b4 26. c4 Rac8 27. b3
Rc5 28. g4 e4 29. Re7 1-0

[Event "4NCL Division Four"]
[Site "Daventry, ENG"]
[Date "2023.03.26"]
[Round "8.24"]
[White "Dos Santos Silva, Bruno Alexandre"]
[Black "Fuller, David Michael"]
[Result "1/2-1/2"]
[WhiteElo "1780"]
[BlackElo "1956"]
[PlyCount "90"]
[EventDate "2023.03.26"]
[WhiteTeam "MASCeteers"]
[BlackTeam "Poole Patzers"]

1. d4 e6 2. Nc3 d5 3. Bf4 a6 4. e3 Nf6 5. g4 b6 6. g5 Ne4 7. Nxe4 dxe4 8. Bg2
Bb7 9. Ne2 Bb4+ 10. c3 Bd6 11. Bxd6 cxd6 12. h4 Nd7 13. Ng3 d5 14. Rc1 b5 15.
Qg4 Qe7 16. Qf4 Rc8 17. Qg4 Rc7 18. Nh5 f5 19. Qg3 Rc8 20. g6 h6 21. O-O O-O
22. Nf4 a5 23. h5 Rc6 24. f3 Nf6 25. fxe4 dxe4 26. Rfd1 Nd5 27. Bf1 Rb6 28. b3
Qg5 29. Qxg5 hxg5 30. Nxd5 exd5 31. c4 bxc4 32. bxc4 f4 33. c5 Rb4 34. exf4
gxf4 35. Bh3 Bc8 36. Bxc8 Rxc8 37. c6 Rb6 38. c7 Rb7 39. Rc5 Rbxc7 40. Rxd5 Ra7
41. Re5 e3 42. Rf1 Rf8 43. Re4 Rd7 44. Rexf4 Re8 45. Re1 Rd5 1/2-1/2

[Event "4NCL Division Four"]
[Site "Daventry, ENG"]
[Date "2023.03.26"]
[Round "8.25"]
[White "Smith, Richard"]
[Black "Isik, Muhammed Oguz"]
[Result "1-0"]
[WhiteElo "1913"]
[BlackElo "1746"]
[PlyCount "41"]
[EventDate "2023.03.26"]
[WhiteTeam "Poole Patzers"]
[BlackTeam "MASCeteers"]

1. d4 Nf6 2. c4 e6 3. Nf3 d5 4. g3 Bb4+ 5. Bd2 Be7 6. Bg2 Nbd7 7. Qc2 O-O 8.
O-O Ne4 9. Nc3 f5 10. cxd5 Nxc3 11. bxc3 exd5 12. c4 dxc4 13. Qxc4+ Kh8 14. Qb3
c6 15. Bf4 Bf6 16. Rad1 Nb6 17. Ne5 Qe7 18. Bc1 Bxe5 19. dxe5 Qxe5 20. Bb2 Qxb2
21. Qf7 1-0

[Event "4NCL Division Four"]
[Site "Daventry, ENG"]
[Date "2023.03.26"]
[Round "8.26"]
[White "Drugan, Mark A"]
[Black "Clancy, Martin J"]
[Result "1/2-1/2"]
[WhiteElo "1706"]
[BlackElo "1824"]
[PlyCount "40"]
[EventDate "2023.03.26"]
[WhiteTeam "MASCeteers"]
[BlackTeam "Poole Patzers"]

1. e4 c5 2. Nf3 d6 3. Bb5+ Nd7 4. c3 Ngf6 5. d3 e6 6. O-O a6 7. Ba4 Be7 8. Re1
O-O 9. d4 e5 10. Nbd2 Qc7 11. Nf1 b5 12. Bc2 Re8 13. Ng3 g6 14. Bg5 Nf8 15. d5
h5 16. h3 N6h7 17. Bxe7 Qxe7 18. Qe2 h4 19. Nf1 Kg7 20. Ne3 Bd7 1/2-1/2

[Event "4NCL Division Four"]
[Site "Daventry, ENG"]
[Date "2023.03.26"]
[Round "8.31"]
[White "Pink, Joshua"]
[Black "Adams, Mark"]
[Result "1/2-1/2"]
[WhiteElo "1906"]
[BlackElo "2010"]
[PlyCount "135"]
[EventDate "2023.03.26"]
[WhiteTeam "Coventry"]
[BlackTeam "The Full Ponty"]

1. e4 c5 2. Ne2 a6 3. d4 cxd4 4. Qxd4 Nf6 5. c4 Nc6 6. Qe3 d6 7. f3 g6 8. Nec3
Bg7 9. Na3 Nd7 10. Nc2 Qa5 11. Bd2 Qc5 12. Qxc5 dxc5 13. Nd5 O-O 14. Bc3 e6 15.
Bxg7 Kxg7 16. Nc3 e5 17. O-O-O Nd4 18. Nd5 Rb8 19. f4 Nxc2 20. Kxc2 Re8 21. f5
gxf5 22. exf5 Nf6 23. Nxf6 Bxf5+ 24. Bd3 Bxd3+ 25. Rxd3 Kxf6 26. Rf1+ Ke6 27.
Rh3 Rg8 28. g3 Rg7 29. Rh6+ Ke7 30. Rf5 Rc8 31. Rxe5+ Kf8 32. Reh5 Kg8 33. Rb6
Rc7 34. Rd6 Rg6 35. Rdd5 b6 36. Kd3 Re7 37. Rde5 Rd7+ 38. Rd5 Re7 39. Rhe5 Rxe5
40. Rxe5 Rh6 41. Re2 Kg7 42. a3 Rc6 43. Kc3 f5 44. b4 Kf6 45. Re8 Re6 46. Rf8+
Ke5 47. Ra8 cxb4+ 48. axb4 b5 49. cxb5 axb5 50. Rb8 Ke4 51. Rxb5 Rh6 52. Rb7
Rxh2 53. b5 Rg2 54. Rxh7 Rxg3+ 55. Kc4 Rg8 56. Re7+ Kf3 57. b6 f4 58. b7 Rb8
59. Rf7 Ke3 60. Re7+ Kf2 61. Kd5 f3 62. Ke4 Kg2 63. Rg7+ Kf2 64. Rf7 Re8+ 65.
Kd4 Rb8 66. Ke4 Re8+ 67. Kd5 Kg2 68. Kc6 1/2-1/2

[Event "4NCL Division Four"]
[Site "Daventry, ENG"]
[Date "2023.03.26"]
[Round "8.32"]
[White "Fletcher, John"]
[Black "Ireland, David J"]
[Result "0-1"]
[WhiteElo "2014"]
[BlackElo "1919"]
[PlyCount "112"]
[EventDate "2023.03.26"]
[WhiteTeam "The Full Ponty"]
[BlackTeam "Coventry"]

1. d4 d5 2. e4 dxe4 3. Nc3 Nf6 4. f3 Bf5 5. fxe4 Nxe4 6. Qf3 Nxc3 7. bxc3 Qc8
8. Bc4 e6 9. Nh3 Bd6 10. O-O Nd7 11. g4 Bg6 12. Nf4 O-O 13. Nxg6 hxg6 14. Be3
c5 15. Bd3 Nf6 16. c4 cxd4 17. Bxd4 e5 18. Bc3 Qxg4+ 19. Qxg4 Nxg4 20. Rab1 b6
21. Rfe1 Rfe8 22. Be4 Rac8 23. Bd5 Nf6 24. Rb3 Nxd5 25. cxd5 Rxc3 26. Rxc3 Bb4
27. Ree3 Bxc3 28. Rxc3 Rd8 29. Rc7 Rxd5 30. Rxa7 Rd1+ 31. Kf2 Rd2+ 32. Kg3 Rxc2
33. Ra8+ Kh7 34. a4 Rc4 35. h4 f5 36. Ra6 Rc3+ 37. Kg2 Ra3 38. Rxb6 Rxa4 39.
Re6 Rg4+ 40. Kh3 e4 41. Re8 g5 42. hxg5 Rxg5 43. Re6 Rg4 44. Re8 g6 45. Re7+
Kh6 46. Ra7 Kg5 47. Ra1 Rh4+ 48. Kg2 f4 49. Ra4 f3+ 50. Kf1 Kf4 51. Kg1 g5 52.
Rb4 g4 53. Rb8 e3 54. Re8 Rh5 55. Rf8+ Kg3 56. Re8 f2+ 0-1

[Event "4NCL Division Four"]
[Site "Daventry, ENG"]
[Date "2023.03.26"]
[Round "8.33"]
[White "Ward, Andrew"]
[Black "Davis, Lee"]
[Result "1/2-1/2"]
[WhiteElo "1832"]
[BlackElo "2053"]
[PlyCount "82"]
[EventDate "2023.03.26"]
[WhiteTeam "Coventry"]
[BlackTeam "The Full Ponty"]

1. c4 g6 2. Nc3 Bg7 3. g3 c5 4. Bg2 Nc6 5. e4 e6 6. Nge2 Nge7 7. O-O O-O 8. d3
a6 9. Be3 Nd4 10. Rb1 Nec6 11. a3 Rb8 12. b4 cxb4 13. axb4 b5 14. Nxd4 Nxd4 15.
Ne2 Nxe2+ 16. Qxe2 bxc4 17. dxc4 Bb7 18. Bf4 e5 19. Be3 Re8 20. Rfd1 Qc7 21.
Qd3 Rbd8 22. Bc5 Bf8 23. Bxf8 Kxf8 24. Qd6+ Qxd6 25. Rxd6 Re6 26. Rbd1 Ke7 27.
c5 Bc6 28. R6d2 f5 29. exf5 gxf5 30. Bxc6 Rxc6 31. Rd5 Re6 32. Rd6 Rxd6 33.
Rxd6 Rb8 34. Rxa6 Rxb4 35. Rh6 Rc4 36. Rxh7+ Ke6 37. Rh6+ Ke7 38. Rh5 Kf6 39.
Rh6+ Ke7 40. Rh7+ Kf6 41. Rh6+ Ke7 1/2-1/2

[Event "4NCL Division Four"]
[Site "Daventry, ENG"]
[Date "2023.03.26"]
[Round "8.34"]
[White "Perrett, David C"]
[Black "Goodwin, Ed H"]
[Result "1/2-1/2"]
[WhiteElo "1946"]
[BlackElo "1811"]
[PlyCount "29"]
[EventDate "2023.03.26"]
[WhiteTeam "The Full Ponty"]
[BlackTeam "Coventry"]

1. d4 e6 2. Bf4 f5 3. e3 Nf6 4. Bd3 g6 5. h4 Bg7 6. Nc3 Nc6 7. Bg5 h6 8. Bxf6
Qxf6 9. Nge2 d6 10. Bc4 d5 11. Bb3 Bd7 12. Na4 Na5 13. Nc5 Nxb3 14. Nxd7 Kxd7
15. axb3 1/2-1/2

[Event "4NCL Division Four"]
[Site "Daventry, ENG"]
[Date "2023.03.26"]
[Round "8.35"]
[White "Manickam, Saravanna Bava"]
[Black "Hughes, Anthony"]
[Result "1/2-1/2"]
[WhiteElo "1825"]
[BlackElo "1951"]
[PlyCount "62"]
[EventDate "2023.03.26"]
[WhiteTeam "Coventry"]
[BlackTeam "The Full Ponty"]

1. d4 d5 2. Bf4 Nf6 3. e3 e6 4. Nf3 Bd6 5. Bg3 O-O 6. c4 c5 7. dxc5 Bxc5 8. Nc3
Nc6 9. cxd5 exd5 10. Be2 Re8 11. O-O Bg4 12. Re1 Qd7 13. Qa4 Rad8 14. Rad1 Bb4
15. Bh4 Qf5 16. a3 Bxc3 17. bxc3 Re4 18. Qc2 Qg6 19. Bxf6 Qxf6 20. Nd4 Nxd4 21.
cxd4 Rc8 22. Qb3 Bxe2 23. Rxe2 Qc6 24. Ree1 Re7 25. Rb1 Rec7 26. h3 Qc4 27. Qb2
b6 28. Ra1 Qc2 29. Reb1 f6 30. a4 Qf5 31. Rc1 Rc2 1/2-1/2

[Event "4NCL Division Four"]
[Site "Daventry, ENG"]
[Date "2023.03.26"]
[Round "8.36"]
[White "Davies, Peter"]
[Black "Bozhgulova, Zaynabkhan"]
[Result "1/2-1/2"]
[WhiteElo "1898"]
[BlackElo "1333"]
[PlyCount "71"]
[EventDate "2023.03.26"]
[WhiteTeam "The Full Ponty"]
[BlackTeam "Coventry"]

1. d4 Nf6 2. c4 g6 3. Nc3 d5 4. Nf3 Bg7 5. Qb3 c6 6. Bf4 dxc4 7. Qxc4 Be6 8.
Qa4 Nbd7 9. Ng5 Nb6 10. Nxe6 Nxa4 11. Nxd8 Rxd8 12. Be5 Nb6 13. e3 Nbd7 14. Bg3
Nh5 15. Bh4 h6 16. Be2 Nhf6 17. O-O g5 18. Bg3 h5 19. h4 gxh4 20. Bxh4 Ng4 21.
Ne4 Rg8 22. Bc4 Bh6 23. a4 Rg6 24. a5 Ngf6 25. Nxf6+ Nxf6 26. Bxf6 Rxf6 27. b4
a6 28. Rad1 Rfd6 29. Be2 Rd5 30. f4 e6 31. Bf3 Rb5 32. Be2 Rxb4 33. Rb1 Rxb1
34. Rxb1 Rd7 35. Bxh5 Kd8 36. Bf3 1/2-1/2

[Event "4NCL Division Four"]
[Site "Daventry, ENG"]
[Date "2023.03.26"]
[Round "8.41"]
[White "Duessler, Stefanie"]
[Black "Wilson, Ewan"]
[Result "1/2-1/2"]
[WhiteElo "2087"]
[BlackElo "1998"]
[PlyCount "114"]
[EventDate "2023.03.26"]
[WhiteTeam "Celtic Tigers 2"]
[BlackTeam "CSC/Kingston 2"]

1. e4 e5 2. Nf3 Nc6 3. Bb5 a6 4. Bc4 Nf6 5. O-O Be7 6. Re1 b5 7. Bb3 d6 8. c3
O-O 9. h3 Nb8 10. d4 Nbd7 11. Nbd2 Bb7 12. Bc2 Re8 13. Nf1 Bf8 14. Bg5 h6 15.
Bh4 g5 16. dxe5 Nxe5 17. Nxe5 gxh4 18. Ng4 Nxg4 19. Qxg4+ Qg5 20. Ne3 Qxg4 21.
Nxg4 Bg7 22. Rad1 a5 23. e5 dxe5 24. Rd7 Rad8 25. Rxc7 Bd5 26. Rc5 Bxa2 27.
Rxb5 Rb8 28. Ba4 Rxb5 29. Bxb5 Rb8 30. c4 e4 31. Ra1 Bb3 32. Rxa5 h5 33. Ne3
Bxb2 34. Bc6 Bd4 35. Nf5 Bf6 36. Ra8 Rxa8 37. Bxa8 Bxc4 38. Bxe4 Bd8 39. Nd6
Be6 40. Bf3 Be7 41. Nb5 Bc4 42. Nd4 Bf6 43. Ne2 Bxe2 44. Bxe2 Kg7 45. Bxh5 Bd4
46. Kf1 f5 47. g3 hxg3 48. fxg3 Be5 49. Kg2 Bxg3 50. Kxg3 f4+ 51. Kxf4 Kh8 52.
Kg5 Kg7 53. Bg6 Kh8 54. Kh6 Kg8 55. Bh7+ Kh8 56. Bg6 Kg8 57. h4 Kh8 1/2-1/2

[Event "4NCL Division Four"]
[Site "Daventry, ENG"]
[Date "2023.03.26"]
[Round "8.42"]
[White "Hasson, Peter"]
[Black "White, John"]
[Result "1-0"]
[WhiteElo "1970"]
[BlackElo "1553"]
[PlyCount "95"]
[EventDate "2023.03.26"]
[WhiteTeam "CSC/Kingston 2"]
[BlackTeam "Celtic Tigers 2"]

1. c4 Nf6 2. g3 c6 3. Bg2 d5 4. Nf3 Bf5 5. Qb3 Qb6 6. d3 Qxb3 7. axb3 e6 8. Be3
a6 9. Bd4 Nbd7 10. O-O Bd6 11. Re1 O-O 12. Nh4 Bg6 13. Bc3 e5 14. Nxg6 hxg6 15.
b4 e4 16. Nd2 e3 17. fxe3 Ng4 18. cxd5 cxd5 19. Nf1 Ndf6 20. h3 Ne5 21. g4 g5
22. Rec1 Rfe8 23. Kf2 Bc7 24. Bd4 Rac8 25. Nd2 Bd6 26. Bc5 Nfxg4+ 27. hxg4 Bxc5
28. Rxc5 Rxc5 29. bxc5 Nxg4+ 30. Kg1 Nxe3 31. Bf1 g4 32. Nb3 g3 33. Nd4 Re5 34.
Bg2 Rh5 35. Rc1 Rh4 36. Nc2 Nxg2 37. Kxg2 Rh2+ 38. Kxg3 Rxe2 39. Kf3 Rd2 40.
Ke3 Rh2 41. Kd4 Rd2 42. b4 f6 43. Ne3 Kf7 44. Nxd5 Re2 45. b5 axb5 46. Rb1 g5
47. Rxb5 Re6 48. Rxb7+ 1-0

[Event "4NCL Division Four"]
[Site "Daventry, ENG"]
[Date "2023.03.26"]
[Round "8.43"]
[White "Sturt, Charles A"]
[Black "Stayt, James N"]
[Result "1/2-1/2"]
[WhiteElo "1614"]
[BlackElo "1901"]
[PlyCount "53"]
[EventDate "2023.03.26"]
[WhiteTeam "Celtic Tigers 2"]
[BlackTeam "CSC/Kingston 2"]

1. d4 Nf6 2. Nc3 d5 3. e4 Nxe4 4. Nxe4 dxe4 5. Bc4 g6 6. c3 Bg7 7. Qe2 Nd7 8.
f3 exf3 9. Nxf3 Nf6 10. Ne5 O-O 11. O-O c6 12. g4 Nd5 13. h3 Be6 14. Bd3 Qb6
15. a3 Rad8 16. Rf2 Qc7 17. Bd2 Qc8 18. Re1 Nb6 19. b4 Nd7 20. Nf3 h6 21. Bxg6
Bxg4 22. Bxf7+ Rxf7 23. hxg4 Rdf8 24. Qe6 Nb6 25. Qxc8 Nxc8 26. Ref1 Nd6 27.
Nh4 1/2-1/2

[Event "4NCL Division Four"]
[Site "Daventry, ENG"]
[Date "2023.03.26"]
[Round "8.44"]
[White "Vachtfeidl, Petr"]
[Black "Perchard, Matthew"]
[Result "1/2-1/2"]
[WhiteElo "1892"]
[BlackElo "1493"]
[PlyCount "84"]
[EventDate "2023.03.26"]
[WhiteTeam "CSC/Kingston 2"]
[BlackTeam "Celtic Tigers 2"]

1. d4 d5 2. c4 e6 3. Nc3 Nf6 4. Bg5 c6 5. e3 Nbd7 6. Nf3 Bd6 7. Bd3 dxc4 8.
Bxc4 b5 9. Bd3 a6 10. e4 e5 11. d5 c5 12. O-O O-O 13. Re1 Qc7 14. Bf1 h6 15.
Bh4 Re8 16. a4 b4 17. Nb1 a5 18. Bxf6 Nxf6 19. Nfd2 Rd8 20. Nc4 Ne8 21. Ne3 Be7
22. Nd2 Bg5 23. Ndc4 Bxe3 24. Rxe3 Ba6 25. b3 Bxc4 26. Bxc4 Nd6 27. Rc1 Ra7 28.
Qg4 Qd7 29. Qxd7 Raxd7 30. Be2 Rc7 31. g3 Kf8 32. f4 f6 33. fxe5 fxe5 34. Bd3
Ke7 35. Re2 Rf8 36. Kg2 Nb7 37. Rec2 Kd6 38. Ba6 Nd8 39. Bd3 Rf6 40. Be2 Nb7
41. Ba6 Nd8 42. Be2 Nb7 1/2-1/2